Φύση, κεφάλαιο και κοινωνία

Αποθηκεύτηκε σε:
Λεπτομέρειες βιβλιογραφικής εγγραφής
Άλλοι συγγραφείς: Βλάχου, Ανδριάνα (Επιμελητής έκδοσης)
Μορφή: Βιβλίο
Γλώσσα:Greek
Δημοσίευση: Αθήνα : Κριτική, 2007
Θέματα:
Ετικέτες: Προσθήκη ετικέτας
Δεν υπάρχουν, Καταχωρήστε ετικέτα πρώτοι!

MARC

LEADER 00000nam a2200000 i 4500
001 1/75384
008 080221s2007 gre d
020 |a 978-960-218-509-4 
035 |l 10094906 
040 |a GR-MY-UA  |b gre  |e aacr 
041 0 |a gre 
082 0 |a 304.2  |2 (22) 
245 1 0 |a Φύση, κεφάλαιο και κοινωνία /  |c επιμέλεια Ανδριάνα Βλάχου 
260 |a Αθήνα :   |b Κριτική,   |c 2007 
300 |a 401 σ.;  |c 24 εκ.  
504 |a Περιέχει βιβλιογραφικές αναφορές και ευρετήριο 
650 0 0 |a Human beings  |x Effect of environment on. 
650 0 0 |a Human ecology  |x Social aspects. 
650 0 0 |a Nature  |x Effect of human beings on. 
650 0 0 |a Ecology  |x Political aspects. 
650 0 0 |a Environmental economics. 
650 0 0 |a Social ecology. 
650 0 0 |a Communism and ecology. 
650 0 0 |a Capitalism  |x Environmental aspects. 
700 1 |a Βλάχου, Ανδριάνα.  |4 edt 
852 |a INST  |b LESVOS  |e 20080221  |h 304.2 ΦΥΣ  |p 005100040653  |q 005100040653  |t BK  |y 0 
901 |a BIBL1-2008-1 
909 |a Λ  |b 142129 
922 |a 1ΕΛΗ  |b 200711  |c ΕΠΕΑΕΚ2/ΤΠ  |d Σ. ΠΑΤΑΚΗΣ 
970 |a ΧΑΤΖΗΜΙΧΑΗΛ  |b ΜΑΡΙΑ  |z 2008/02/21